000
00306nam a22001337a 4500
008
170824b xxu||||| |||| 00| 0 eng d
020
_a
9780471433392
041
_a
eng
080
_2
8TH
_a
51
100
_a
38
101
_a
MAT
245
_a
ELEMENTARY DIFFERENTIAL EQUATIONS
_c
BOYCE,W.E
942
_2
udc
_c
BK
999
_c
24885
_d
24885